عرض عادي
عرض مارك
- Slaves
مدخل مصطلح موضوعي
001 - رقم الضبط
- حقل الضبط: 7195
003 - معرف رقم الضبط
- حقل الضبط: OSt
005 - تاريخ ووقت أخر عملية
- حقل الضبط: 20111204133852.0
008 - عناصر بيانات ثابتة الطول
- حقل تحكم ثابت الطول: 111204|||a|||||| | ||| d
040 ## - مصدر الفهرسة
- هيئة الفهرسة الأصلية: OSt
- وكالة الكتابة: OSt
150 ## - مدخل-- مصطلح تاريخي
- عنصر مدخل المصطلح الموضوعي او الاسم الجغرافي: Slaves
- تفريع جغرافي: United States
- تفريع عام: Fiction.
670 ## - بيانات المصدر موجوده
- الاستشهاد بالمصدر: Work cat.: (OSt)20350: Twain, Mark, 1835-1910., The tragedy of Pudd'nhead Wilson and the comedy, Those extraordinary twins /, 1996.
